Ideales e ilusiones: reconstrucción y deconstrucción en la teoría crítica contemporánea

-д хадгалсан:
Номзүйн дэлгэрэнгүй
Үндсэн зохиолч: McCarthy, Thomas A. (autor)
Формат: Ном
Хэл сонгох:испани
Хэвлэсэн: Madrid Tecnos 1992
Цуврал:Filosofía y Ensayo
Нөхцлүүд:
Шошгууд: Шошго нэмэх
Шошго байхгүй, Энэхүү баримтыг шошголох эхний хүн болох!

MARC

LEADER 00000nam a2200000 a 4500
001 UCN3679
003 CL-VaPUC
008 010706e19920000SP |||||||||||||||||spa|d
082 0 4 |a 142  |b MCC  |2 21 
100 |a McCarthy, Thomas A.  |e autor  |9 498293 
245 1 0 |a Ideales e ilusiones: reconstrucción y deconstrucción en la teoría crítica contemporánea 
300 |a 236 p 
942 |c BK 
945 |d 20010706 00:00:00  |a cmena 
260 |a Madrid  |b Tecnos  |c 1992 
650 0 |a Filosofía crítica   |9 393212 
650 0 |a Pragmatismo  |9 316729 
650 7 |a FILOSOFIA POLITICA  |2 CL-VaPUC  |9 460285 
650 0 |a Razón   |9 314475 
650 0 |a Teoría de sistemas  |9 260742 
650 0 |a Etica política   |9 255799 
650 0 |a Teología política  |9 443181 
650 0 |a Filosofía contemporánea  |9 265372 
583 |a last modification  |c 20120930 09:46:51  |k Rodrigo Vera 
490 0 |a Filosofía y Ensayo 
999 |c 296467  |d 296465 
952 |0 0  |1 0  |4 0  |6 142_000000000000000_MCC_1992  |7 0  |8 A  |9 350257  |a BIBEDU  |b BIBEDU  |d 2019-11-20  |i 3737365  |o 142 MCC 1992  |p 3737365  |r 2019-11-20  |w 2019-11-20  |y BK  |k PSI